Analýza účinnosti opatrení vyplývajúcich z bazilejských dohôd o primeranosti vlastných zdrojov bánk v podmienkach Európskej únie diplomová práca

Gespeichert in:
Bibliographische Detailangaben
1. Verfasser: Radvanská, Lucia
Körperschaft: Národohospodárska fakulta EU. Katedra bankovníctva a medzinárodných financií
Weitere Verfasser: Horvátová, Eva, 1958-
Format: Buch
Sprache:Slowakisch
Veröffentlicht: Bratislava 2008
Tags: Tag hinzufügen
Keine Tags, Fügen Sie das erste Tag hinzu!

MARC

LEADER 00000nam$a2200000$$$4500
001 0076839
005 20240201114831.4
041 0 |a slo 
044 |a SK 
245 1 0 |a Analýza účinnosti opatrení vyplývajúcich z bazilejských dohôd o primeranosti vlastných zdrojov bánk v podmienkach Európskej únie  |b diplomová práca  |c Lucia Radvanská ; škol. Eva Horvátová 
264 1 |a Bratislava  |c 2008 
300 |a 77 s. 
100 1 |a Radvanská, Lucia 
700 1 |a Horvátová, Eva, 1958- 
710 2 |a Národohospodárska fakulta EU. Katedra bankovníctva a medzinárodných financií